000 00304nam a22001457a 4500
008 210506b ||||| |||| 00| 0 eng d
020 _a9780679402565
041 _aeng
080 _a7
082 _a7
100 _a44
101 _aART
245 _aRembrandt's Eyes
_cSimon Schama
942 _2udc
_cBK
999 _c57084
_d57084